000
00299nam a2200121Ia 4500
005
20251222155133.0
008
251222s9999||||xx |||||||||||||| ||spa||
082
_a
ADM.56
100
_a
Ministerio de Educación
245
0
_a
Ley General de Educación Nº 28044
264
_b
No tiene
942
_c
LIB
999
_c
38897
_d
38897